BIBLIOTECA PODER JUDICIAL
Portal Judicial TDF

El ejercicio de la responsabilidad parental online : (Registro nro. 5768)

000 -LEADER
fixed length control field 01147nab a22002177a 4500
003 - CONTROL NUMBER IDENTIFIER
control field OSt
005 - DATE AND TIME OF LATEST TRANSACTION
control field 20260105212440.0
008 - FIXED-LENGTH DATA ELEMENTS--GENERAL INFORMATION
fixed length control field 190514b xxu||||| |||| 00| 0 spa d
040 ## - CATALOGING SOURCE
Transcribing agency PJ
100 ## - MAIN ENTRY--PERSONAL NAME
9 (RLIN) 6683
Personal name Silva, Sabrina Anabel
245 13 - TITLE STATEMENT
Title El ejercicio de la responsabilidad parental online :
Remainder of title adolescentes influencers en el Código Civil y Comercial /
Statement of responsibility, etc Sabrina Anabel Silva.
300 ## - PHYSICAL DESCRIPTION
Extent p. 18-26
505 ## - FORMATTED CONTENTS NOTE
Formatted contents note Sumario: I. Palabras introductorias.— II. Primero lo primero: autonomía progresiva y protección especial.— III. Los contratos por<br/>servicios del hijx y la capacidad laboral de lxs adolescentes en el Cód. Civ. y Com.— IV. Las actividades lucrativas de lxs NA en línea.<br/>Retos del sistema vigente.— V. Reflexiones finales.
505 ## - FORMATTED CONTENTS NOTE
Title Si te interesa el texto, comunicate a koha@justierradelfuego.gov.ar
650 #0 - SUBJECT ADDED ENTRY--TOPICAL TERM
9 (RLIN) 967
Topical term or geographic name as entry element DERECHO DE FAMILIA
650 #0 - SUBJECT ADDED ENTRY--TOPICAL TERM
9 (RLIN) 1497
Topical term or geographic name as entry element CODIGO CIVIL Y COMERCIAL
650 #0 - SUBJECT ADDED ENTRY--TOPICAL TERM
9 (RLIN) 4691
Topical term or geographic name as entry element AUTONOMÍA PROGRESIVA
650 #0 - SUBJECT ADDED ENTRY--TOPICAL TERM
Topical term or geographic name as entry element TECNOLOGIA DE LA INFORMACION
9 (RLIN) 289
773 0# - HOST ITEM ENTRY
Host Biblionumber 2844
Host Itemnumber 3222
Place, publisher, and date of publication Buenos Aires : AbeledoPerrot, 1989-
Title Derecho de familia. N° 113 - Marzo 2024
International Standard Book Number 18511201
942 ## - ADDED ENTRY ELEMENTS (KOHA)
Source of classification or shelving scheme
Koha item type Analítica Artículo de Revista

No hay ítems disponibles.

12 de Octubre 789 Ushuaia - Tel:  54(02901)441571
Horario de Atención: 8.00 a 17.00 hs. 
bibliotecaush@justierradelfuego.gov.ar
koha@justierradelfuego.gov.ar
Seguinos en nuestras redes @bibliojustdf 

Con tecnología Koha